| 000 | 00493nam a2200169Ia 4500 | ||
|---|---|---|---|
| 999 |
_c7588 _d7588 |
||
| 003 | GBCCL | ||
| 005 | 20241126110632.0 | ||
| 008 | 180822b ||||| |||| 00| 0 eng d | ||
| 040 | _cgbc | ||
| 082 |
_aVER 248 _bDON |
||
| 100 |
_aDongza thawng _913399 |
||
| 245 |
_aTuikha apat tuihum khualjinna: _bA journey from bitter water to sweet water |
||
| 260 |
_c2013. _aChurachandpur: _bDoor of hope for lamka publication, |
||
| 300 | _a237p. ; | ||
| 650 |
_aChristian life _9183 |
||
| 942 |
_2ddc _cBK _03 |
||